India who's who 2004 (Record no. 15354)
[ view plain ]
| 000 -LEADER | |
|---|---|
| fixed length control field | 00668nam a2200193Ia 4500 |
| 082 ## - DEWEY DECIMAL CLASSIFICATION NUMBER | |
| Classification number | RR 920.054 IND- SL1 |
| 245 #0 - TITLE STATEMENT | |
| Title | India who's who 2004 |
| 250 ## - EDITION STATEMENT | |
| Edition statement | 28th |
| 260 ## - PUBLICATION, DISTRIBUTION, ETC. (IMPRINT) | |
| Place of publication | New Delhi |
| Name of publisher | INFA Publication |
| Year of publication | 2004 |
| 300 ## - PHYSICAL DESCRIPTION | |
| Number of Pages | xxxii, 282+172b |
| 500 ## - GENERAL NOTE | |
| General note | contents: Acc. no. D12 (24th ed.), (lxxxii, 250bp.), (1995-96) - Acc. no. 508 (25th ed.), (lxiv, 182bp.), (1997-98) - Acc. no. D1713 (27th ed.), (xl, 200bp.), (2002-03) |
| 504 ## - BIBLIOGRAPHY, ETC. NOTE | |
| Bibliography, etc | includes index |
| 650 ## - SUBJECT ADDED ENTRY--TOPICAL TERM | |
| Topical Term | includes index |
| Form subdivision | Biography |
| Geographic subdivision | 2004 |
| 650 ## - SUBJECT ADDED ENTRY--TOPICAL TERM | |
| Topical Term | Celebrities |
| Form subdivision | Biography |
| Geographic subdivision | 2004 |
| 650 ## - SUBJECT ADDED ENTRY--TOPICAL TERM | |
| Topical Term | Biography |
| Form subdivision | Biography |
| Geographic subdivision | 2004 |
| 650 ## - SUBJECT ADDED ENTRY--TOPICAL TERM | |
| Topical Term | Famous people |
| 700 ## - ADDED ENTRY--PERSONAL NAME | |
| Personal name | Inder Jit |
| 942 ## - ADDED ENTRY ELEMENTS (KOHA) | |
| Koha item type | Books |
| Source of classification or shelving scheme | Dewey Decimal Classification |
| Withdrawn status | Lost status | Damaged status | Not for loan | Home library | Current library | Date acquired | Source of acquisition | Bill Date | Full call number | Accession Number | Price effective from | Koha item type | Collection code |
|---|---|---|---|---|---|---|---|---|---|---|---|---|---|
| NASSDOC Library | NASSDOC Library | 10/03/2005 | BW | 2005-02-11 | RR 920.054 IND- SL1 | 40547 | 18/04/2019 | Books | |||||
| NASSDOC Library | NASSDOC Library | 01/02/2019 | 2005-02-11 | RR 920.054 IND- | D000012 | 18/04/2019 | Books | Docas Books | |||||
| NASSDOC Library | NASSDOC Library | 22/08/2016 | 2005-02-11 | RR 920.054 IND- | D000508 | 18/04/2019 | Books | Docas Books | |||||
| NASSDOC Library | NASSDOC Library | 09/09/2016 | 2005-02-11 | RR 920.054 IND- SL1 | D001713 | 18/04/2019 | Books | Docas Books |
